000 04430cam a22005174i 4500
003 PE-LiUPU
005 20250731183413.0
008 181119s2013 sp a rb 001 0 spa
020 _a9788447214877(Universidad de Sevilla)
020 _a9788480950107(Consejeria de Fomento y Vivienda)
035 _a(Sirsi) a250673
040 _aPE-LiUPU
_bspa
_cPE-LiUPU
_erda
049 _aPRUA
082 0 4 _a711
_bR88
_220
100 1 _aRoyo Naranjo, Lourdes,
_eautor.
245 1 0 _aTurismo, desarrollo, arquitectura :
_bla aventura de la modernidad /
_cLourdes Royo Naranjo.
250 _aPrimera edición.
264 1 _aSevilla :
_b Universidad de Sevilla, Consejería de Fomento y Vivienda,
_c 2013.
300 _a333 páginas :
_bilustraciones ;
_c24 centímetros.
336 _atext
_2rdacontent
337 _aunmediated
_2rdamedia
338 _avolume
_2rdacarrier
490 0 _aKora ;
_v25
504 _aBibliografía : páginas 309-322.
504 _aÍndice : páginas 323-333.
505 0 _aIntroducción -- Primeros pasos -- El estado de la cuestión: análisis de los estudios precedentes y punto de partida -- Escala del análisis: justificación geográfica y temporal -- Encuadre general del estudio. Turismo, desarrollo y modernidad -- El turismo como factor de desarrollo. Bases teóricas de un proceso de modernización -- El turismo como fenómeno. Marco conceptual de un "hecho social total" -- Primeras notas de una historia de viajes y descubrimientos: turismo, paisaje y Mediterráneo -- Cambios y transformaciones litorales: el turismo como protagonista -- La cultura del baño. Aproximaciones a una arquitectura de sol y playa -- La arquitectura del turismo: la definición de un nuevo modelo en la construcción moderna del espacio turístico -- Instrumentos de política turística: la planificación turística en España entre 1930 y 1980 -- Los touroperadores y la sistematización moderna del turismo como negocio. Breves notas sobre un factor determinante de modernización -- Turismo y Málaga. Una historia de amor a primera vista -- El fenómeno turístico en la provincia de Málaga. ¿Hacia la formulación de una nueva arquitectura? -- Los inicios del desarrollo turístico y el nacimiento de la Costa del Sol -- El auge del turismo de Málaga y la especialización de la costa en los años sesenta -- El turismo de masas como objeto de estudio. Distintas miradas a un mismo fenómeno -- Procesos turísticos en la costa de Málaga entre 1970 y 1980 la profesionalización del sector -- La planificación turística en la Costa del Sol entre 1930 y 1980. Instrumentos de control para un proceso descontrolado -- Procesos turísticos, transformaciones y configuración de la costa de Málaga -- De ciudad balneario a centro de la Costa del Sol: el papel de la ciudad de Málaga en la historia del turismo de costa -- La Costa del Sol Occidental. Un modelo de apropiación turística -- La Costa del Sol Oriental. Desequilibrios e intereses de un proceso turístico no demandado -- Transformaciones territoriales y paisajistas de la Costa del Sol -- Imagen y publicidad en la construcción moderna de la Costa del Sol -- La promoción del turismo en la Costa del Sol -- Notas para la historia de la Costa del Sol: la configuración de un modelo turístico espacial cuestionado y la definición de un territorio turístico.
526 _aP158
526 _aP146
526 _aP17
526 _aP12
526 _aP06
541 _g002-00000605;
650 0 4 _aTurismo y urbanismo
_zCosta del Sol
_vHistoria.
650 0 4 _aTurismo
_xPlanificación
_zEspaña
_zAndalucía.
650 0 4 _aTurismo
_xAspecto del medio ambiente
_zEspaña
_zAndalucía.
650 0 4 _aOrdenación del territorio
_zEspaña
_zAndalucía.
650 0 4 _aDesarrollo sostenible
_zEspaña
_zAndalucía.
650 0 4 _aArquitectura moderna
_ySiglo XXI
_zEspaña
_zAndalucía.
710 1 _aAndalucía.
_bJunta.
_bConsejería de Fomento y Vivienda.
710 2 _aUniversidad de Sevilla.
_bSecretariado de Publicaciones.
910 _adbm
_bcsm
_ccsm
_d20181119
942 _2ddc
_cBOOK
994 _aC0
_bPEPRU
596 _a1
999 _a711 R88
_wDEWEY
_c30153
_i79148
_f2021-11-9
_g4
_lCCODEBUL1
_mBUL
_p28.16
_r0
_sY
_tBOOK
_u2018-11-16
_xINGENIERIA
_PP06
_0COMPRA
_1FCOMPR2
_o.STAFF. Colección Ingeniería y Arquitectura
_d30153
980 _81
_gALBERTO SANCHEZ Responsable de Automatización